Introduction to microprocessor system design / (Record no. 295)
[ view plain ]
| 000 -LEADER | |
|---|---|
| fixed length control field | 00932cam a2200289 i 4500 |
| 001 - CONTROL NUMBER | |
| control field | 295 |
| 003 - CONTROL NUMBER IDENTIFIER | |
| rucl marc code | BD-RjUL |
| 005 - DATE AND TIME OF LATEST TRANSACTION | |
| control field | 20211208233142.0 |
| 008 - FIXED-LENGTH DATA ELEMENTS--GENERAL INFORMATION | |
| fixed length control field | 131201s1979 nyuabd g 001 0 eng d |
| 020 ## - INTERNATIONAL STANDARD BOOK NUMBER | |
| International Standard Book Number | 007022871X. |
| -- | 0070228701(pbk) |
| 035 ## - SYSTEM CONTROL NUMBER | |
| System control number | (BD-RjUL)312 |
| 040 ## - CATALOGING SOURCE | |
| Original cataloging agency | DLC |
| Transcribing agency | DLC |
| Modifying agency | BD-RjUL |
| Language of cataloging | eng |
| 041 ## - LANGUAGE CODE | |
| Language code of text/sound track or separate title | eng |
| 082 00 - DEWEY DECIMAL CLASSIFICATION NUMBER | |
| Edition number | 23 |
| Classification number | 004.22 |
| Author mark and year | GAI 1979 |
| 100 1# - MAIN ENTRY--PERSONAL NAME | |
| Personal name | Garland, Harry. |
| 9 (RLIN) | 947 |
| 245 10 - TITLE STATEMENT | |
| Title | Introduction to microprocessor system design / |
| Statement of responsibility, etc. | Harry Garland. |
| 260 ## - PUBLICATION, DISTRIBUTION, ETC. (IMPRINT) | |
| Place of publication, distribution, etc. | New York : |
| Name of publisher, distributor, etc. | McGraw-Hill, |
| Date of publication, distribution, etc. | c1979 [reprinting 1981] |
| 300 ## - PHYSICAL DESCRIPTION | |
| Pagination | ix, 192 p. : |
| Illustrations | ills. ; |
| Size | 23 cm. |
| 504 ## - BIBLIOGRAPHY, ETC. NOTE | |
| Bibliography, etc | Includes index |
| 526 ## - STUDY PROGRAM INFORMATION NOTE | |
| Requested Dept. | Computer Science |
| 650 #0 - SUBJECT ADDED ENTRY--TOPICAL TERM | |
| Topical term or geographic name as entry element | Microprocessors. |
| 9 (RLIN) | 351 |
| Topical term or geographic name as entry element | Computer architecture. |
| 9 (RLIN) | 197811 |
| 942 ## - ADDED ENTRY ELEMENTS (KOHA) | |
| Source of classification or shelving scheme | Dewey Decimal Classification |
| Koha item type | Books |
| Lost status | Source of classification or shelving scheme | Damaged status | Not for loan | Collection code | Permanent Location | Current Location | Date acquired | Total Checkouts | Full call number | Date last seen | Date checked out | Copy number | Koha item type | Source of acquisition | Shelving location | Cost, normal purchase price |
|---|---|---|---|---|---|---|---|---|---|---|---|---|---|---|---|---|
| Dewey Decimal Classification | Non-fiction | Central Library, University of Rajshahi | Central Library, University of Rajshahi | 19/07/1987 | 1 | 004.22 GAI 1979 | 14/05/2017 | 29/04/2017 | C-6 | Books | ||||||
| Dewey Decimal Classification | Non-fiction | Central Library, University of Rajshahi | Central Library, University of Rajshahi | 19/07/1987 | 004.22 GAI 1979 | 17/11/2013 | C-5 | Books | Asia Foundation | |||||||
| Dewey Decimal Classification | Non-fiction | Central Library, University of Rajshahi | Central Library, University of Rajshahi | 19/07/1987 | 004.22 GAI 1979 | 17/11/2013 | C-4 | Books | ||||||||
| Dewey Decimal Classification | Non-fiction | Central Library, University of Rajshahi | Central Library, University of Rajshahi | 15/10/1984 | 004.22 GAI 1981 | 17/11/2013 | C-3 | Books | ||||||||
| Dewey Decimal Classification | Not For Loan | Non-fiction | Central Library, University of Rajshahi | Central Library, University of Rajshahi | 15/10/1984 | 004.22 GAI 1981 | 18/03/2017 | C-1 | Books | Tulip, Toppon | Reading Room | 6.50 | ||||
| Dewey Decimal Classification | Non-fiction | Central Library, University of Rajshahi | Central Library, University of Rajshahi | 15/10/1984 | 004.22 GAI 1981 | 18/03/2017 | C-2 | Books | Tulip, Toppon | Reading Room | 6.50 |